000 00843nam a22002777a 4500
001 BR0204281
003 BR-BrBNA
005 20230928101138.0
007 ta
008 230509b bl.||||| |||| 00| 0 por d
040 _aBR-BrBNA
_bpor
_cBiblioteca Nacional de Agricultura
041 _a(Por)
072 _aE14; M11
_b8180
090 _ 8180 BR0204281
110 1 _aSecretaria de Apoio Rural e Cooperativismo, Brasília, DF (Brasil). Depto. de Pesca e Aqüicultura
245 1 _aPrograma de apoio ao desenvolvimento da pesca de atuns e afins
260 3 _aBrasília, DF (Brasil):
_c[nd].
300 _a35 p.
500 _a14 illus.
650 _aATUM
650 _aPROJETO DE DESENVOLVIMENTO
650 _aDESENVOLVIMENTO SUSTENTÁVEL
650 _aMERCADO INTERNACIONAL
909 _a202309
_bLucia
_c55
_dLucia Elande
942 _cBK
999 _c64460
_d64460